ბათუმის შოთა რუსთაველის სახელმწიფო უნივერსიტეტის ბიბლიოთეკა

Нефтегазовые технологии и аналитика : (ბიბ.ჩანაწერი № 56824)

000 -LEADER
fixed length control field 00804nam a2200181 4500
005 - DATE AND TIME OF LATEST TRANSACTION
control field 20190508202605.0
008 - FIXED-LENGTH DATA ELEMENTS--GENERAL INFORMATION
fixed length control field 190508c2019 ру ||||| |||| 00| 0 рус d
022 ## - INTERNATIONAL STANDARD SERIAL NUMBER
International Standard Serial Number 2587-6597
041 ## - LANGUAGE CODE
Language code of text/sound track or separate title рус
245 ## - TITLE STATEMENT
Title Нефтегазовые технологии и аналитика :
Remainder of title январь 2019 : научно-технический журнал /
Statement of responsibility, etc. Гл. ред.: Кутасова Н.В.
260 ## - PUBLICATION, DISTRIBUTION, ETC.
Place of publication, distribution, etc. Москва :
Name of publisher, distributor, etc. Наука,
Date of publication, distribution, etc. 2019.
300 ## - PHYSICAL DESCRIPTION
Extent V.
653 ## - INDEX TERM--UNCONTROLLED
Uncontrolled term ნავთობის ტეხნოლოგია და ანალიზი
653 ## - INDEX TERM--UNCONTROLLED
Uncontrolled term Нефтегазовые технологии и аналитика.январь 2019г.
653 ## - INDEX TERM--UNCONTROLLED
Uncontrolled term периодика
700 ## - ADDED ENTRY--PERSONAL NAME
Personal name Кутасова Н.В.
Relator term Главный редактор
9 (RLIN) 916
942 ## - ADDED ENTRY ELEMENTS (KOHA)
Source of classification or shelving scheme
Koha item type პერიოდიკა
ეგზემპლარები
Withdrawn status Lost status Source of classification or shelving scheme Damaged status Not for loan Permanent Location Current Location Date acquired Serial Enumeration / chronology Barcode Date last seen Copy number Price effective from Koha item type
        შიდა ფონდი ტექნოლოგიური ფაკულტეტის ბიბლიოთეკა ტექნოლოგიური ფაკულტეტის ბიბლიოთეკა 2019-05-08 იანვარი (2019) p79998 2019-05-08 p79998 2019-05-08 პერიოდიკა